সত্যেন সেনের উপন্যাসে জীবন ও শিল্পের মিথস্ক্রিয়া / (Record no. 39591)
[ view plain ]
| 000 -LEADER | |
|---|---|
| fixed length control field | 01082nam a2200253 a 4500 |
| 001 - CONTROL NUMBER | |
| control field | 39591 |
| 003 - CONTROL NUMBER IDENTIFIER | |
| rucl marc code | BD-RjUL |
| 005 - DATE AND TIME OF LATEST TRANSACTION | |
| control field | 20211209053025.0 |
| 008 - FIXED-LENGTH DATA ELEMENTS--GENERAL INFORMATION | |
| fixed length control field | 160413s2007 bg ||||| |||| 001 0 ben d |
| 020 ## - INTERNATIONAL STANDARD BOOK NUMBER | |
| International Standard Book Number | 9840745530 |
| Terms of availability | : TK. 85.00 |
| 035 ## - SYSTEM CONTROL NUMBER | |
| System control number | (BD-RjUL)39704 |
| 040 ## - CATALOGING SOURCE | |
| Original cataloging agency | BD-RjUL |
| Language of cataloging | ben |
| Transcribing agency | BD-RjUL |
| 041 ## - LANGUAGE CODE | |
| Language code of text/sound track or separate title | ben |
| 082 ## - DEWEY DECIMAL CLASSIFICATION NUMBER | |
| Edition number | 23 |
| Classification number | 891.443009 |
| Author mark and year | SES 2007 |
| 100 ## - MAIN ENTRY--PERSONAL NAME | |
| Personal name | শেখর, সৌ্মিত্র |
| 9 (RLIN) | 119498 |
| 245 10 - TITLE STATEMENT | |
| Title | সত্যেন সেনের উপন্যাসে জীবন ও শিল্পের মিথস্ক্রিয়া / |
| Statement of responsibility, etc. | সৌ্মিত্র শেখর |
| 260 ## - PUBLICATION, DISTRIBUTION, ETC. (IMPRINT) | |
| Place of publication, distribution, etc. | ঢাকা : |
| Name of publisher, distributor, etc. | বাংলা একাডেমী, |
| Date of publication, distribution, etc. | ২০০৭ |
| 300 ## - PHYSICAL DESCRIPTION | |
| Pagination | ৬, ১৮৮ পৃ. ; |
| Size | ২২ সেমি. |
| 490 ## - SERIES STATEMENT | |
| Series statement | বাএ |
| Volume/sequential designation | ৪৫৪৪ |
| 500 ## - GENERAL NOTE | |
| General note | পরিশিষ্ট ও নির্ঘন্ট সংযুক্ত |
| 650 ## - SUBJECT ADDED ENTRY--TOPICAL TERM | |
| Topical term or geographic name as entry element | বাংলা উপন্যাস |
| General subdivision | ইতিহাস ও সমালোচনা |
| 9 (RLIN) | 120092 |
| Topical term or geographic name as entry element | Bengali Fiction |
| General subdivision | History and Criticism |
| 9 (RLIN) | 118845 |
| 942 ## - ADDED ENTRY ELEMENTS (KOHA) | |
| Source of classification or shelving scheme | Dewey Decimal Classification |
| Koha item type | Books |
| Lost status | Source of classification or shelving scheme | Damaged status | Not for loan | Collection code | Permanent Location | Current Location | Shelving location | Date acquired | Source of acquisition | Cost, normal purchase price | Total Checkouts | Full call number | Date last seen | Copy number | Koha item type | Total Renewals | Date checked out |
|---|---|---|---|---|---|---|---|---|---|---|---|---|---|---|---|---|---|
| Dewey Decimal Classification | Not For Loan | Fiction | Central Library, University of Rajshahi | Central Library, University of Rajshahi | Reading Room | 23/06/2013 | Bangla Academy, Dhaka | 85.00 | B 891.443009 SES 2007 | 13/04/2016 | C-1 | Books | |||||
| Dewey Decimal Classification | Fiction | Central Library, University of Rajshahi | Central Library, University of Rajshahi | 23/06/2013 | Bangla Academy, Dhaka | 85.00 | 10 | B 891.443009 SES 2007 | 27/04/2026 | C-2 | Books | 1 | 21/04/2026 | ||||
| Dewey Decimal Classification | Fiction | Central Library, University of Rajshahi | Central Library, University of Rajshahi | 23/06/2013 | Bangla Academy, Dhaka | 85.00 | 2 | B 891.443009 SES 2007 | 13/11/2025 | C-3 | Books | 12/10/2025 |